00809cam a22002531 4500001001300000003000400013005001700017008004100034010001700075035001900092040005000111042001200161043001200173050003000185082001200215110003800227245005100265260002200316300002500338490006900363650002900432810007700461999001700538e 48000016 DLC20260227111233.0821213s1947 kyu s000 0 eng c ae 48000016  a(OCoLC)9047001 aU.S. Office of Education. LibrarycDNIEdDLC apremarc an-us-ky00aL152b.B35 vol. 15, no. 6 a379.1731 aKentucky.bState College, Murray.10aBuilding a program for the one-teacher school. aFrankfort,c1947. a[285]-348 p.c23 cm.1 aKentucky. Dept. of Education. Educational bulletin,vv. 15 no. 6 0aRural schoolszKentucky.10aKentucky.bDepartment of Education.tEducational bulletin,vv. 15 no. 6. c22078d22078